ბათუმის შოთა რუსთაველის სახელმწიფო უნივერსიტეტის ბიბლიოთეკა

Проектирование электрических машин. (ბიბ.ჩანაწერი № 37184)

000 -LEADER
fixed length control field 00693nam a2200217Ia 4500
001 - CONTROL NUMBER
control field 3140
003 - CONTROL NUMBER IDENTIFIER
control field GE_BSU
008 - FIXED-LENGTH DATA ELEMENTS--GENERAL INFORMATION
fixed length control field 181216s||||||||xx |||||||||||||| ||und||
040 ## - CATALOGING SOURCE
Transcribing agency GE_BSU
080 ## - UNIVERSAL DECIMAL CLASSIFICATION NUMBER
Universal Decimal Classification number 621.3(075.8)
100 ## - MAIN ENTRY--PERSONAL NAME
Personal name Гольдберг,О.Д. Курин,Я.С. вириденко,И.С.
245 ## - TITLE STATEMENT
Title Проектирование электрических машин.
245 ## - TITLE STATEMENT
Remainder of title Учебник для втузов.
245 ## - TITLE STATEMENT
Statement of responsibility, etc. Под.ред.О.Д.Гольдберга.
260 ## - PUBLICATION, DISTRIBUTION, ETC.
Place of publication, distribution, etc. М.
260 ## - PUBLICATION, DISTRIBUTION, ETC.
Name of publisher, distributor, etc. Высш. школа.
260 ## - PUBLICATION, DISTRIBUTION, ETC.
Date of publication, distribution, etc. 1984.
300 ## - PHYSICAL DESCRIPTION
Extent 431стр.илл.
653 ## - INDEX TERM--UNCONTROLLED
Uncontrolled term Проектирование электрических машин.
942 ## - ADDED ENTRY ELEMENTS (KOHA)
Koha item type წიგნი
ეგზემპლარები
Withdrawn status Lost status Damaged status Not for loan Date acquired Barcode Date last seen Price effective from Koha item type
        2018-12-17 8503 2018-12-17 2018-12-17 წიგნი
        2018-12-17 8504 2018-12-17 2018-12-17 წიგნი
        2018-12-17 8405 2018-12-17 2018-12-17 წიგნი
        2018-12-17 8406 2018-12-17 2018-12-17 წიგნი